Normal view MARC view
  • Rohrberger, Mary

Entry Personal Name

Number of records used in: 1

001 - CONTROL NUMBER

  • control field: 153638

003 - CONTROL NUMBER IDENTIFIER

  • control field: DLC

005 - DATE AND TIME OF LATEST TRANSACTION

  • control field: 20260414095909.0

008 - FIXED-LENGTH DATA ELEMENTS

  • fixed length control field: 790418n| acannaabn |n aaa

010 ## - LIBRARY OF CONGRESS CONTROL NUMBER

  • LC control number: n 79022106

035 ## - SYSTEM CONTROL NUMBER

  • System control number: (OCoLC)oca00255902

040 ## - CATALOGING SOURCE

  • Original cataloging agency: DLC
  • Language of cataloging: eng
  • Transcribing agency: DLC
  • Modifying agency: NjP
  • Modifying agency: IEN

046 ## - SPECIAL CODED DATES

  • Birth date: 19290122

100 1# - HEADING--PERSONAL NAME

  • Personal name: Rohrberger, Mary

670 ## - SOURCE DATA FOUND

  • Source citation: Her Hawthorne ... 1966.

670 ## - SOURCE DATA FOUND

  • Source citation: The art of Katherine Mansfield, 1977:
  • Information found: t.p. (Mary H. Rohrberger)

670 ## - SOURCE DATA FOUND

  • Source citation: Info. converted from 678, 2012-10-02
  • Information found: (b. 1/22/29)
Devinim Yazılım Eğitim Danışmanlık tarafından Koha'nın orjinal sürümü uyarlanarak geliştirilip kurulmuştur.